| 000 | 00899cam a2200265 a 4500 | ||
|---|---|---|---|
| 001 | 000018233 | ||
| 003 | UkOxU | ||
| 005 | 20200929165419.0 | ||
| 008 | 760113s1969 ve 000 0 spa d | ||
| 035 | _aOCLC ocm01924793 from D970109T | ||
| 040 |
_aDO-SdBNP _cFHM _dEQO |
||
| 082 |
_aV864.4 _bB532d |
||
| 100 | 1 |
_aBeroes, Pedro. _d1912- _939481 |
|
| 245 | 1 | 0 |
_aDos ensayos / _cPedro Beroes. |
| 260 |
_aCaracas : _bDirección de Cultura, Universidad Central de Ven ezuela, _c1969. |
||
| 300 |
_a121 p. ; _c21 cm. |
||
| 490 | 1 |
_aCuadernos de crítica literaria _v2 |
|
| 505 | 0 | _aLa crítica história -- Vasallaje económico y literatura. | |
| 650 | 4 |
_aEnsayos venezolanos _94376 |
|
| 650 | 4 |
_aCrítica literaria _zVenezuela _939482 |
|
| 650 | 4 |
_aLiteratura venezolana _93816 |
|
| 830 | 0 |
_aCuadernos de crítica literaria ; _v2 _939483 |
|
| 910 | _aCatalogación por copia /Oxford | ||
| 049 | _aBNGR | ||
| 999 |
_c17754 _d17754 |
||